01230nam a2200265Ia 450000100060000000300090000600800410001504000130005604000130006904100130008210000190009510000290011424500170014324500170016025000110017726000100018826000320019826000490023030000430027950005360032265000270085865000310088570000190091670000290093534264IT-RoPAU130308s9999 xx 000 0 und d aIT-RoPAU cIT-RoPAU aFRANCESE aLeger Jean-Guy gCodice Aut. SPICS: 15192 aDiapositives bDiapositives a1a ed. aPARIS bLigue Francaise De L'E.E.P. c1981 [1° Ed.:1981 - Ed.Ling.Originale:1981] a"104 p. (prefazione: no ; testo: 104)" aDiapositive Materiale per la ripresa Esposizione delle Diapositive Qualità€ della Luce Illuminazione Artificiale Conoscenza della Fotomacrografia saper fotografare I Documenti Procedimento di Riproduzione delle Diapositive Trattamento delle Emulsioni Realizzazione delle Diapositive in bianco e Nero o a Colori proiezione e Proiettore schermo di proiezione montaggio delle Diapositive sonorizzate fotografie a Colori su Carta Laboratorio per Il colore e Materiale necessario Processo Cibachrome a Processi Kodak R14 e Agfachrome R aLINGUAGGIO FOTOGRAFICO eCodice materia Spics: 6754 aBoyries Pierre gCodice Aut. SPICS: 15193